[Event "5ème Open de St Chély d'Aubrac"]
[Site "St-Chély d'Aubrac"]
[Date "2005.07.11"]
[Round "4.26"]
[White "Cremers, Bertrand"]
[Black "Wavresky, Andre"]
[Result "1-0"]
[WhiteElo "1510"]
[BlackElo "1570"]
[PlyCount "140"]
[EventDate "2005.07.??"]

1. e4 e6 2. d4 d5 3. Nc3 Bb4 4. Bd3 c5 5. Bb5+ Bd7 6. Bxd7+ Nxd7 7. exd5 exd5
8. Nge2 Ngf6 9. O-O O-O 10. a3 Ba5 11. dxc5 Bxc3 12. Nxc3 Nxc5 13. Bg5 Nce4 14.
Bxf6 Nxf6 15. Nb5 a6 16. Nd4 Re8 17. Re1 Qb6 18. Rxe8+ Rxe8 19. Rb1 Qd6 20. Nf3
Qe6 21. Nd4 Qd6 22. f3 Qe5 23. c3 Qe3+ 24. Kf1 Qe5 25. g3 Qd6 26. Qd2 Qd7 27.
Kg2 Qe7 28. Kf1 Qd7 29. g4 h6 30. Re1 Rxe1+ 31. Qxe1 Qc7 32. Kg2 Kf8 33. h4 Nd7
34. Qb1 Kg8 35. Qe1 Qe5 36. Qf2 Nc5 37. Qg3 Qxg3+ 38. Kxg3 Na4 39. Kf4 Nxb2 40.
Ke5 Na4 41. Kxd5 Nxc3+ 42. Kc4 Na4 43. Kb4 Nb6 44. a4 g6 45. a5 Nd7 46. Nb3 Kf8
47. Nc5 Ke8 48. Nxb7 Nb8 49. Kc5 Kd7 50. Kb6 f5 51. Nc5+ Kc8 52. Nxa6 Nd7+ 53.
Kc6 Ne5+ 54. Kd5 Nxf3 55. gxf5 gxf5 56. h5 Nh4 57. Ke5 Kb7 58. Nc5+ Kc6 59. Ne6
Kb5 60. a6 Kxa6 61. Ng7 Kb6 62. Nxf5 Ng2 63. Nxh6 Kc7 64. Nf7 Ne3 65. Kf4 Nd5+
66. Ke5 Ne7 67. h6 Kd7 68. h7 Ng6+ 69. Kf6 Nh8 70. Nxh8 Ke8 1-0

[Event "5ème Open de St Chély d'Aubrac"]
[Site "St-Chély d'Aubrac"]
[Date "2005.07.11"]
[Round "4.27"]
[White "Capron, Michel"]
[Black "Trzesniower, Jacques"]
[Result "0-1"]
[WhiteElo "1400"]
[BlackElo "1430"]
[PlyCount "66"]
[EventDate "2005.07.??"]

1. e4 c5 2. Nc3 e6 3. Bc4 a6 4. Nf3 Qc7 5. d3 Nc6 6. Be3 Nf6 7. Bb3 Be7 8. d4
cxd4 9. Nxd4 d6 10. Nxc6 bxc6 11. O-O O-O 12. Qf3 Bb7 13. Rad1 Rad8 14. Qg3
Rfe8 15. Na4 Nxe4 16. Qf4 c5 17. f3 Bg5 18. Qg4 Bxe3+ 19. Kh1 Nf2+ 20. Rxf2
Bxf2 21. c3 Be3 22. Rd3 Bh6 23. f4 Be4 24. Re3 Bf5 25. Qh4 Qe7 26. Qxe7 Rxe7
27. g3 e5 28. Nb6 Be6 29. Kg2 Bxb3 30. axb3 Rb7 31. Nc4 exf4 32. Re1 fxg3 33.
Nxd6 Rbd7 0-1

[Event "5ème Open de St Chély d'Aubrac"]
[Site "St-Chély d'Aubrac"]
[Date "2005.07.11"]
[Round "4.28"]
[White "Corbet, Philippe"]
[Black "Schmitt, Claude"]
[Result "0-1"]
[WhiteElo "1350"]
[BlackElo "2040"]
[PlyCount "54"]
[EventDate "2005.07.??"]

1. e4 c5 2. Nc3 d6 3. Bc4 e6 4. d3 Nf6 5. a3 a6 6. f4 b5 7. Ba2 Qc7 8. Nf3 Nc6
9. O-O Be7 10. Qe1 O-O 11. Qg3 Kh8 12. Ne2 d5 13. exd5 exd5 14. c3 Be6 15. f5
Qxg3 16. Nxg3 Bd7 17. h3 Bd6 18. Ne2 Bxf5 19. d4 Bd3 20. Re1 Rae8 21. Nf4 Rxe1+
22. Nxe1 Be4 23. dxc5 Bxc5+ 24. Kf1 Ne5 25. Bb1 Rd8 26. Bxe4 dxe4 27. Ke2 g5
0-1

[Event "5ème Open de St Chély d'Aubrac"]
[Site "St-Chély d'Aubrac"]
[Date "2005.07.11"]
[Round "4.29"]
[White "Jaafar, Nacer"]
[Black "Carabetta, Gaetan"]
[Result "0-1"]
[WhiteElo "1280"]
[BlackElo "1480"]
[PlyCount "52"]
[EventDate "2005.07.??"]

1. e4 c6 2. c4 Nf6 3. e5 Ng8 4. g3 d5 5. exd6 exd6 6. Bg2 Nf6 7. Ne2 Be7 8. O-O
O-O 9. d4 Be6 10. h3 Bxc4 11. b3 Bxe2 12. Qxe2 Nbd7 13. Kh2 Re8 14. Bb2 d5 15.
Nc3 Bd6 16. Qd3 Qc7 17. f4 Re7 18. Rae1 Rae8 19. Rxe7 Rxe7 20. Ne2 Ne4 21. g4
Ndf6 22. g5 Nh5 23. Ng1 Bxf4+ 24. Kh1 Nhg3+ 25. Kh2 Nxf1+ 26. Kh1 Nf2# 0-1

[Event "5ème Open de St Chély d'Aubrac"]
[Site "St-Chély d'Aubrac"]
[Date "2005.07.12"]
[Round "5.1"]
[White "Lagunes, Jean-Renaud"]
[Black "Ivanov, Mikhail M"]
[Result "0-1"]
[WhiteElo "2131"]
[BlackElo "2462"]
[PlyCount "68"]
[EventDate "2005.07.??"]

1. b3 d5 2. Bb2 Nf6 3. Bxf6 exf6 4. Nf3 f5 5. e3 g6 6. a4 Bg7 7. Ra2 O-O 8. c3
c5 9. d4 cxd4 10. exd4 f4 11. Bd3 Nc6 12. O-O g5 13. h3 f5 14. Nh2 g4 15. hxg4
fxg4 16. Nxg4 f3 17. Nh2 fxg2 18. Kxg2 Qh4 19. Kh1 Bh6 20. f3 Bf4 21. Qe1 Qh6
22. Re2 Kh8 23. Rg1 Bh3 24. Nd2 Rg8 25. Rxg8+ Rxg8 26. Ndf1 Qg5 27. Qf2 Qh5 28.
Qe1 Nd8 29. c4 Ne6 30. cxd5 Nxd4 31. Qc3 Be5 32. Rxe5 Bg2+ 33. Kg1 Bxf3+ 34.
Kf2 Rg2+ 0-1

[Event "5ème Open de St Chély d'Aubrac"]
[Site "St-Chély d'Aubrac"]
[Date "2005.07.12"]
[Round "5.2"]
[White "Karpatchev, Alexandr"]
[Black "Chaplin, Erik"]
[Result "1-0"]
[WhiteElo "2487"]
[BlackElo "2148"]
[PlyCount "65"]
[EventDate "2005.07.??"]

1. e4 Nc6 2. d4 d5 3. Nc3 dxe4 4. d5 Ne5 5. Qd4 Ng6 6. Qxe4 Nf6 7. Qa4+ Bd7 8.
Bb5 Qc8 9. Bxd7+ Nxd7 10. Nf3 c6 11. dxc6 Qxc6 12. Qxc6 bxc6 13. Be3 e5 14.
O-O-O f5 15. Ng5 Ke7 16. h4 e4 17. g4 fxg4 18. Ngxe4 h6 19. Rhe1 Nge5 20. Nc5
Nxc5 21. Bxc5+ Ke6 22. Bd4 Bd6 23. Re2 Rhe8 24. Rde1 Kf5 25. Ne4 Bc7 26. Ng3+
Kf6 27. Nh5+ Kg6 28. Bxe5 Bxe5 29. Rxe5 Rxe5 30. Rxe5 Rf8 31. f4 gxf3 32. Ng3
Rf4 33. Re4 1-0

[Event "5ème Open de St Chély d'Aubrac"]
[Site "St-Chély d'Aubrac"]
[Date "2005.07.12"]
[Round "5.4"]
[White "Desboeufs, Alexandre"]
[Black "Boudre, Jean-Pierre"]
[Result "1/2-1/2"]
[WhiteElo "2052"]
[BlackElo "2359"]
[PlyCount "59"]
[EventDate "2005.07.??"]

1. e4 e5 2. f4 exf4 3. Nf3 d5 4. exd5 Nf6 5. Nc3 Nxd5 6. Nxd5 Qxd5 7. d4 Be7 8.
Be2 c5 9. c4 Qd6 10. d5 O-O 11. O-O Bf6 12. Rb1 Bf5 13. Bd3 Bxd3 14. Qxd3 Nd7
15. Qf5 Ne5 16. Bxf4 Nxf3+ 17. Rxf3 Bd4+ 18. Kh1 Qa6 19. b3 Qxa2 20. Bd6 g6 21.
Qd3 Rfe8 22. Rbf1 Rad8 23. Bg3 Rd7 24. Bf2 Qb2 25. Bxd4 cxd4 26. R3f2 Qc3 27.
Qxc3 dxc3 28. Rc2 Re3 29. Rfc1 a5 30. Rxc3 1/2-1/2

[Event "5ème Open de St Chély d'Aubrac"]
[Site "St-Chély d'Aubrac"]
[Date "2005.07.12"]
[Round "5.5"]
[White "Rabier, Jean"]
[Black "Riff, Sebastien"]
[Result "0-1"]
[WhiteElo "1985"]
[BlackElo "2216"]
[PlyCount "62"]
[EventDate "2005.07.??"]

1. d4 Nf6 2. Nc3 d5 3. e4 dxe4 4. f3 e3 5. Bxe3 Bf5 6. Bc4 e6 7. Nge2 h6 8. Qd2
Nbd7 9. g4 Bh7 10. h4 Nb6 11. Bb3 Nfd5 12. O-O-O Qd7 13. Bf2 O-O-O 14. a3 Nxc3
15. Qxc3 Qb5 16. Rhe1 Nd5 17. Bxd5 exd5 18. Bg3 Bd6 19. Qb3 Qxb3 20. cxb3 Rhe8
21. Bxd6 Rxd6 22. Nc3 Rxe1 23. Rxe1 Rf6 24. Re3 c6 25. Kd2 Kd7 26. b4 h5 27.
Ne2 hxg4 28. fxg4 Rf1 29. Kc3 Rf2 30. Ng3 Rf4 31. g5 Rxh4 0-1

[Event "5ème Open de St Chély d'Aubrac"]
[Site "St-Chély d'Aubrac"]
[Date "2005.07.12"]
[Round "5.6"]
[White "Duffau, Pascal"]
[Black "Coste, Thierry"]
[Result "0-1"]
[WhiteElo "2038"]
[BlackElo "2200"]
[PlyCount "54"]
[EventDate "2005.07.??"]

1. Nf3 Nf6 2. c4 d6 3. d4 Nbd7 4. Nc3 e5 5. e4 c6 6. Be2 Be7 7. O-O O-O 8. b3
Qc7 9. Bb2 Re8 10. Rc1 Bf8 11. Qc2 a6 12. Rfe1 g6 13. Bf1 Bh6 14. Rcd1 b5 15.
Ba3 exd4 16. Rxd4 b4 17. Bxb4 c5 18. Bxc5 Nxc5 19. Red1 Bb7 20. Nd5 Bxd5 21.
exd5 Qb6 22. Rb1 a5 23. Rh4 Bg7 24. Nd4 Re4 25. Rxe4 Ncxe4 26. Qd3 Re8 27. Rd1
Ng4 0-1

[Event "5ème Open de St Chély d'Aubrac"]
[Site "St-Chély d'Aubrac"]
[Date "2005.07.12"]
[Round "5.7"]
[White "Deschler, Fabrice"]
[Black "Nass, Emile"]
[Result "1-0"]
[WhiteElo "2167"]
[BlackElo "1984"]
[PlyCount "87"]
[EventDate "2005.07.??"]

1. Nf3 Nf6 2. c4 d6 3. d4 Nbd7 4. Nc3 e5 5. e4 Be7 6. Be2 O-O 7. O-O Re8 8. Rb1
Bf8 9. d5 c6 10. Ne1 a6 11. Be3 cxd5 12. cxd5 b5 13. f3 Nb6 14. Nc2 Bd7 15. Bf2
Qb8 16. Qd3 Rc8 17. Rfc1 Be8 18. g3 Nfd7 19. b3 Nc5 20. Qd2 Nbd7 21. Nb4 Nf6
22. a4 a5 23. Nd3 b4 24. Nd1 Nfd7 25. Nxc5 dxc5 26. Ne3 g6 27. Nc4 Nb6 28. Nxb6
Qxb6 29. Rb2 Ra7 30. Rbc2 Rac7 31. h4 Bd7 32. Bc4 Qd6 33. Re1 Re8 34. Qd3 Rb8
35. Rce2 Bh6 36. f4 f6 37. Be3 Kg7 38. Rf2 Be8 39. Qd2 Rf7 40. fxe5 Bxe3 41.
exf6+ Rxf6 42. Qxe3 Qe5 43. Rxf6 Kxf6 44. Qf4+ 1-0

[Event "5ème Open de St Chély d'Aubrac"]
[Site "St-Chély d'Aubrac"]
[Date "2005.07.12"]
[Round "5.8"]
[White "Moingt, Jean-Claude"]
[Black "Capron, Daniel"]
[Result "1-0"]
[WhiteElo "2292"]
[BlackElo "2070"]
[PlyCount "73"]
[EventDate "2005.07.??"]

1. e4 d6 2. d4 Nf6 3. Nc3 Nbd7 4. Nf3 e5 5. Bc4 h6 6. O-O Be7 7. Re1 c6 8. a4
Qc7 9. b3 Nf8 10. Nh4 Ne6 11. Nf5 Bf8 12. Ba3 exd4 13. Nd5 cxd5 14. exd5 Qa5
15. Nxd4 Nxd5 16. Nxe6 Bxe6 17. Bxd5 O-O-O 18. Bxe6+ fxe6 19. Rxe6 d5 20. Qg4
Kb8 21. Bb2 h5 22. Qe2 d4 23. Rd1 Bc5 24. Qe5+ Qc7 25. Qxc7+ Kxc7 26. Re4 Rhe8
27. Rxe8 Rxe8 28. Kf1 Re4 29. f3 Rh4 30. Rd3 Kc6 31. Kg1 Rf4 32. Kf2 Rh4 33.
Bc1 Bd6 34. Bg5 Rxh2 35. Kg1 Bg3 36. Rxd4 h4 37. Rg4 1-0

[Event "5ème Open de St Chély d'Aubrac"]
[Site "St-Chély d'Aubrac"]
[Date "2005.07.12"]
[Round "5.9"]
[White "Laine, Patrice"]
[Black "Colandrea, Sauveur"]
[Result "1/2-1/2"]
[WhiteElo "2082"]
[BlackElo "1874"]
[PlyCount "57"]
[EventDate "2005.07.??"]

1. d4 Nf6 2. c4 e6 3. Nc3 Bb4 4. e3 b6 5. a3 Bxc3+ 6. bxc3 Bb7 7. f3 Nh5 8. Qc2
f5 9. Qf2 O-O 10. Bd3 d6 11. Ne2 Nd7 12. Bd2 e5 13. Ng3 Nxg3 14. hxg3 e4 15.
Be2 Nf6 16. Qg1 Qd7 17. Kf2 a5 18. Qb1 g6 19. c5 dxc5 20. Qa2+ Qf7 21. dxc5
Qxa2 22. Rxa2 exf3 23. Bc4+ Bd5 24. Bxd5+ Nxd5 25. gxf3 b5 26. c4 bxc4 27. Rc1
c3 28. Bxc3 Nxc3 29. Rxc3 1/2-1/2

[Event "5ème Open de St Chély d'Aubrac"]
[Site "St-Chély d'Aubrac"]
[Date "2005.07.12"]
[Round "5.10"]
[White "Ballandras, Marc"]
[Black "Rosenfeld, Imre"]
[Result "1-0"]
[WhiteElo "1810"]
[BlackElo "2047"]
[PlyCount "137"]
[EventDate "2005.07.??"]

1. c4 e6 2. Nc3 d5 3. cxd5 exd5 4. d4 c6 5. Bf4 Nf6 6. e3 Bf5 7. Bd3 Bxd3 8.
Qxd3 Be7 9. Nf3 O-O 10. O-O Nh5 11. Bg3 Nxg3 12. hxg3 Nd7 13. Rab1 a5 14. Qc2
Qe8 15. Na4 f5 16. a3 Qh5 17. Rfc1 Rf6 18. Kf1 Rh6 19. Ke2 Qg4 20. Rh1 Rxh1 21.
Rxh1 Re8 22. Kd2 Qe4 23. Rb1 Qxc2+ 24. Kxc2 Nf6 25. Kd3 Ne4 26. Ke2 Bd6 27. Rc1
h6 28. Nd2 g5 29. Nxe4 fxe4 30. Nc5 Re7 31. Rc3 Kf7 32. Rb3 Bxc5 33. dxc5 g4
34. Rc3 Ke6 35. Rc1 Kd7 36. Rh1 Rh7 37. Rh4 h5 38. Rh1 a4 39. Rd1 Rf7 40. Rd4
b5 41. cxb6 Kd6 42. Rxa4 Rb7 43. Rb4 c5 44. Rb3 Kc6 45. f4 gxf3+ 46. gxf3 exf3+
47. Kxf3 Rf7+ 48. Kg2 Kb7 49. a4 Ka6 50. b7 Rxb7 51. Rxb7 Kxb7 52. Kf3 Kb6 53.
Kf4 Ka5 54. Ke5 d4 55. exd4 cxd4 56. Kxd4 Kxa4 57. Kc4 Ka5 58. Kd4 (58. Kc5
$142 Ka6 (58... Ka4 59. b4 $1) 59. Kd5) 58... Kb4 59. Ke4 Kb3 60. Kf4 Kxb2 61.
Kg5 Kc3 62. Kxh5 Kd4 63. Kg5 Ke5 64. g4 Ke6 65. Kg6 Ke7 66. Kg7 Ke8 67. g5 Ke7
68. g6 Ke8 69. Kh8 1-0

[Event "5ème Open de St Chély d'Aubrac"]
[Site "St-Chély d'Aubrac"]
[Date "2005.07.12"]
[Round "5.11"]
[White "Soyer, Jean-Yves"]
[Black "Vidalinc, Jean-Louis"]
[Result "1-0"]
[WhiteElo "2146"]
[BlackElo "1986"]
[PlyCount "77"]
[EventDate "2005.07.??"]

1. c4 e6 2. Nf3 d5 3. d4 c6 4. Qc2 Nf6 5. g3 Bb4+ 6. Bd2 Be7 7. Nc3 dxc4 8. Bg2
O-O 9. O-O b5 10. a4 b4 11. Ne4 Nxe4 12. Qxe4 a5 13. Ne5 Bb7 14. Nxc4 Nd7 15.
Rfd1 Nf6 16. Qc2 Nd5 17. e4 Nf6 18. Bf4 Nh5 19. Be3 Nf6 20. h3 Ra6 21. Rac1 Qa8
22. Nd2 Qc8 23. Nb3 Rd8 24. Bg5 Qb8 25. Nc5 Rb6 26. b3 Ba8 27. Bf4 Qc8 28. Qe2
Bf8 29. h4 h6 30. Bh3 Bb7 31. d5 Bxc5 32. Rxc5 Ba6 33. Qc2 Qd7 34. Rxa5 cxd5
35. Be3 Rc6 36. Rc5 Rxc5 37. Qxc5 Nxe4 38. Qxb4 Rc8 39. Qxe4 1-0

[Event "5ème Open de St Chély d'Aubrac"]
[Site "St-Chély d'Aubrac"]
[Date "2005.07.12"]
[Round "5.12"]
[White "Weigel, Marie"]
[Black "Ritzenthaler, Stephane"]
[Result "0-1"]
[WhiteElo "1600"]
[BlackElo "2037"]
[PlyCount "80"]
[EventDate "2005.07.??"]

1. d4 Nf6 2. Nf3 c5 3. c3 d5 4. Bf4 Nc6 5. e3 Bf5 6. Bd3 Bxd3 7. Qxd3 e6 8.
Nbd2 cxd4 9. exd4 Bd6 10. Bg3 Rc8 11. O-O Bxg3 12. hxg3 O-O 13. Rfe1 Re8 14.
Ne5 Nxe5 15. Rxe5 Qb6 16. Nb3 g6 17. Re2 Qd6 18. Nd2 Nd7 19. f4 a6 20. Rc1 b5
21. a3 Nb6 22. Kf2 Nc4 23. Nxc4 bxc4 24. Qc2 Rb8 25. Rb1 Rb3 26. Kf3 Reb8 27.
g4 Qb6 28. Rd2 Rxa3 29. g3 Ra2 30. Rh2 a5 31. f5 exf5 32. gxf5 a4 33. Qd2 Qf6
34. g4 Rb3 35. Qe3 Qg7 36. Qe8+ Qf8 37. Qe5 Qb8 38. Re2 Qxe5 39. Rxe5 Kg7 40.
Rxd5 a3 0-1

[Event "5ème Open de St Chély d'Aubrac"]
[Site "St-Chély d'Aubrac"]
[Date "2005.07.12"]
[Round "5.13"]
[White "Dury, Renaud"]
[Black "Gaftarnik, Olivier"]
[Result "0-1"]
[WhiteElo "1770"]
[BlackElo "1965"]
[PlyCount "114"]
[EventDate "2005.07.??"]

1. d4 Nf6 2. c4 g6 3. g3 Bg7 4. Bg2 O-O 5. Nc3 c6 6. e4 d6 7. Nf3 e5 8. O-O Bg4
9. dxe5 Bxf3 10. Qxf3 dxe5 11. Rd1 Qc7 12. b3 Nbd7 13. Ba3 Rfe8 14. Bd6 Qa5 15.
b4 Qa6 16. c5 Qc4 17. Rab1 Bf8 18. Bf1 Qe6 19. Rb2 Qg4 20. Qxg4 Nxg4 21. Bc4
Bxd6 22. Rxd6 Re7 23. Rbd2 Nf8 24. h3 Nh6 25. g4 Kg7 26. g5 Ng8 27. a4 a6 28.
a5 Rae8 29. Na4 h6 30. h4 Ne6 31. Bxe6 Rxe6 32. Rxe6 Rxe6 33. Rd7 Re7 34. Rxe7
Nxe7 35. Nb6 f6 36. gxf6+ Kxf6 37. Kg2 g5 38. hxg5+ Kxg5 39. Nc4 Kf4 40. Nd6 h5
41. f3 h4 42. Nxb7 h3+ 43. Kxh3 Kxf3 44. Nd6 Ng6 45. Kh2 Nf4 46. Kg1 Ke3 47.
Kf1 Nd3 48. b5 Nxc5 49. b6 Nd7 50. Ke1 Kd4 51. b7 Kc5 52. Nf7 Kb5 53. Nxe5 Nb8
54. Kd2 Kxa5 55. Nxc6+ Nxc6 56. e5 Kb6 57. Kc3 Kxb7 0-1

[Event "5ème Open de St Chély d'Aubrac"]
[Site "St-Chély d'Aubrac"]
[Date "2005.07.12"]
[Round "5.14"]
[White "Lagunes, Robin"]
[Black "Tassetti, Matthieu"]
[Result "0-1"]
[WhiteElo "1560"]
[BlackElo "1956"]
[PlyCount "56"]
[EventDate "2005.07.??"]

1. d4 Nf6 2. Bg5 Ne4 3. Bh4 d5 4. f3 Nd6 5. e3 c6 6. Bd3 Bf5 7. Nc3 g6 8. Nge2
Bh6 9. e4 Be6 10. O-O Nd7 11. f4 dxe4 12. Nxe4 Nf5 13. Bg5 Bxg5 14. Nxg5 Ne3
15. Nxe6 fxe6 16. Qe1 Nxf1 17. Qh4 Kf7 18. Rxf1 Nf6 19. g4 b5 20. f5 exf5 21.
Bxf5 gxf5 22. Rxf5 Qg8 23. Nf4 Ke8 24. h3 Rd8 25. Re5 Rd6 26. g5 Rxd4 27. Kf2
Nd5 28. Qh5+ Qf7 0-1

[Event "5ème Open de St Chély d'Aubrac"]
[Site "St-Chély d'Aubrac"]
[Date "2005.07.12"]
[Round "5.16"]
[White "Chokbengboun, Thomas"]
[Black "Grezes, Yves"]
[Result "1/2-1/2"]
[WhiteElo "1900"]
[BlackElo "1760"]
[PlyCount "82"]
[EventDate "2005.07.??"]

1. c4 e5 2. Nc3 Nf6 3. g3 Bc5 4. Bg2 Nc6 5. Nf3 a6 6. O-O O-O 7. d3 h6 8. a3 a5
9. b3 d6 10. Bb2 Bf5 11. Qc2 Bh7 12. e3 Ne7 13. Nd2 c6 14. Nde4 Nd7 15. Na4 Qc7
16. Naxc5 dxc5 17. Qc3 f5 18. Nd2 Rf7 19. f4 exf4 20. exf4 Nf6 21. Nf3 Rd8 22.
Ne5 Rff8 23. Rfe1 Nc8 24. Re2 Nd6 25. Rae1 Rfe8 26. a4 Ng4 27. h3 Nxe5 28. Rxe5
Bg6 29. Kf2 Rd7 30. Re6 Kh7 31. Qe5 Rxe6 32. Qxe6 Nf7 33. Qe2 Qd8 34. Rd1 Rd6
35. Ba3 b6 36. Bf3 Qd7 37. Bb2 Nd8 38. Be5 Re6 39. g4 Nf7 40. Re1 Nxe5 41. fxe5
Qd4+ 1/2-1/2

[Event "5ème Open de St Chély d'Aubrac"]
[Site "St-Chély d'Aubrac"]
[Date "2005.07.12"]
[Round "5.17"]
[White "Richard, Emma"]
[Black "Lassis, Patrick"]
[Result "0-1"]
[WhiteElo "1870"]
[BlackElo "1710"]
[PlyCount "100"]
[EventDate "2005.07.??"]

1. d4 Nf6 2. Nf3 d5 3. c4 e6 4. cxd5 exd5 5. Nc3 Bb4 6. Bg5 c6 7. e3 Qd6 8. Bd3
Bg4 9. h3 Bh5 10. O-O Bxc3 11. bxc3 Ne4 12. Bf4 Qe7 13. Rc1 Nd7 14. c4 O-O 15.
Be2 Rac8 16. Ne5 Bxe2 17. Qxe2 f6 18. Nxd7 Qxd7 19. Rc2 Rfe8 20. c5 b6 21. Qa6
bxc5 22. dxc5 g5 23. Bh2 f5 24. Rb1 Re7 25. Rb3 f4 26. exf4 Nxc5 27. Qf1 Nxb3
28. axb3 Qf5 29. Re2 Rxe2 30. Qxe2 Qb1+ 31. Qf1 Qxf1+ 32. Kxf1 Rb8 33. fxg5
Rxb3 34. Ke2 a5 35. Bg3 c5 36. Kd2 c4 37. Kc2 a4 38. Be5 Kf7 39. f4 Ke6 40. Bc3
Rxc3+ 41. Kxc3 a3 42. g4 a2 43. Kb2 d4 44. Kxa2 d3 45. Kb2 Kd5 46. Kc3 Ke4 47.
f5 Ke3 48. f6 d2 49. f7 d1=Q 50. f8=Q Qb3# 0-1

[Event "5ème Open de St Chély d'Aubrac"]
[Site "St-Chély d'Aubrac"]
[Date "2005.07.12"]
[Round "5.18"]
[White "Lagunes, Matthieu"]
[Black "Luc, Rene"]
[Result "1/2-1/2"]
[WhiteElo "1780"]
[BlackElo "1690"]
[PlyCount "101"]
[EventDate "2005.07.??"]

1. e4 e6 2. d4 d5 3. Nd2 c5 4. exd5 Qxd5 5. dxc5 Bxc5 6. Bc4 Qxg2 7. Qf3 Qxf3
8. Ngxf3 Nf6 9. Rg1 g6 10. b3 Bf8 11. Bb2 Bg7 12. O-O-O O-O 13. Ne5 a6 14. h4
b5 15. Be2 Bb7 16. Rg3 Nfd7 17. Ndf3 Nxe5 18. Nxe5 Bxe5 19. Bxe5 Nc6 20. Bb2
Rac8 21. a3 Na5 22. Bc3 Be4 23. h5 Nc6 24. hxg6 fxg6 25. f3 Bf5 26. f4 a5 27.
Rd2 b4 28. axb4 axb4 29. Bb2 Rfd8 30. Bd3 Bxd3 31. Rgxd3 Rxd3 32. Rxd3 Rd8 33.
Kd2 Rxd3+ 34. Kxd3 h5 35. Bc1 e5 36. Kc4 exf4 37. Bxf4 h4 38. Kc5 Na7 39. Kxb4
Kf7 40. Kc5 Ke6 41. Kd4 Kf5 42. Ke3 g5 43. Bb8 Nc6 44. Bc7 g4 45. c3 Ne5 46.
Bxe5 Kxe5 47. b4 h3 48. Kf2 h2 49. Kg2 g3 50. b5 Kd6 51. c4 1/2-1/2

[Event "5ème Open de St Chély d'Aubrac"]
[Site "St-Chély d'Aubrac"]
[Date "2005.07.12"]
[Round "5.19"]
[White "De Biasi, Robert"]
[Black "Casasnovas, Vincent"]
[Result "1-0"]
[WhiteElo "1895"]
[BlackElo "1530"]
[PlyCount "121"]
[EventDate "2005.07.??"]

1. c4 b6 2. Nf3 Bb7 3. g3 e6 4. Bg2 Nc6 5. O-O Nf6 6. a3 g6 7. Nc3 Bg7 8. d4
Ne7 9. Bf4 a6 10. Qd2 h6 11. Rfe1 Ne4 12. Qc2 Nxc3 13. Qxc3 d5 14. c5 c6 15.
Qc2 Nf5 16. Rad1 g5 17. Be5 f6 18. Bd6 Kf7 19. e4 Nxd6 20. cxd6 dxe4 21. Rxe4
Qxd6 22. Qb3 b5 23. Rde1 Rae8 24. Bh3 Bc8 25. R4e3 a5 26. Rd1 a4 27. Qa2 f5 28.
Bxf5 Qd5 29. Qxd5 exd5 30. Bxc8 Rxe3 31. fxe3 Rxc8 32. Rf1 Kg6 33. g4 Re8 34.
Kf2 h5 35. gxh5+ Kxh5 36. Rc1 Re6 37. h3 Bh6 38. Ne5 Kh4 39. Kf3 Bg7 40. Nxc6
Rf6+ 41. Kg2 Re6 42. Rc3 g4 43. hxg4 Kxg4 44. e4 Bxd4 45. Rg3+ Kf4 46. Nxd4
Rxe4 47. Rf3+ Ke5 48. Nxb5 Rg4+ 49. Kf2 d4 50. Rd3 Rf4+ 51. Ke2 Kd5 52. Nc3+
Kc4 53. Nxa4 Rf2+ 54. Kxf2 Kxd3 55. Ke1 Kc2 56. b4 d3 57. Nc3 Kxc3 58. Kd1 Kc4
59. Kd2 Kb5 60. Kxd3 Ka4 61. Kc4 1-0

[Event "5ème Open de St Chély d'Aubrac"]
[Site "St-Chély d'Aubrac"]
[Date "2005.07.12"]
[Round "5.20"]
[White "Lepere, Philippe"]
[Black "Ballandras, Renaud"]
[Result "1/2-1/2"]
[WhiteElo "1740"]
[BlackElo "1560"]
[PlyCount "136"]
[EventDate "2005.07.??"]

1. d4 d5 2. Nf3 Nf6 3. h3 e6 4. Bf4 Nc6 5. e3 Be7 6. Nbd2 O-O 7. a3 b6 8. Bd3
Na5 9. b4 Nb7 10. O-O c5 11. c3 c4 12. Bc2 Nd6 13. a4 Nde4 14. Nxe4 Nxe4 15.
Bxe4 dxe4 16. Nd2 Bb7 17. Qe2 Bd5 18. a5 b5 19. a6 Rc8 20. Ra5 Qb6 21. Bh2 Bxb4
22. cxb4 c3 23. Nxe4 Bxe4 24. Rc1 Rc4 25. Qh5 Rxb4 26. Ra3 Rc8 27. f3 Bg6 28.
Qe5 f6 29. Qd6 Qxd6 30. Bxd6 Rb1 31. Ra1 Rxc1+ 32. Rxc1 c2 33. Bc5 Rc7 34. e4
e5 35. Kf2 exd4 36. Bxd4 b4 37. Ke2 b3 38. Kd2 Rc6 39. Ra1 c1=Q+ 40. Rxc1 Rxa6
41. Rc8+ Kf7 42. Rc7+ Ke6 43. Rxa7 Rxa7 44. Bxa7 Ke5 45. Kd3 Bf7 46. Bb8+ Ke6
47. Kc3 Kd7 48. Bf4 Bc4 49. e5 Bf1 50. exf6 gxf6 51. g3 Bxh3 52. Be3 Bg2 53. f4
Bd5 54. Bd4 Ke6 55. Kd3 {(=)} 55... f5 56. Ke3 Kf7 57. Kf2 Kg6 58. Kg1 Kh5 59.
Be5 Kg4 60. Kf2 Kh3 61. Bb2 h5 62. Be5 h4 63. gxh4 Kxh4 64. Ke3 Kg3 65. Kd3 Kf3
66. Kc3 Ke3 67. Bb8 Ke2 68. Be5 Be4 1/2-1/2

[Event "5ème Open de St Chély d'Aubrac"]
[Site "St-Chély d'Aubrac"]
[Date "2005.07.12"]
[Round "5.21"]
[White "Perrin, Yannick"]
[Black "Cremers, Bertrand"]
[Result "1-0"]
[WhiteElo "1720"]
[BlackElo "1510"]
[PlyCount "107"]
[EventDate "2005.07.??"]

1. e4 d6 2. Nf3 Nf6 3. Nc3 g6 4. Bc4 Bg7 5. h3 O-O 6. d4 a6 7. Bg5 Nc6 8. a4
Bd7 9. O-O h6 10. Bh4 Qc8 11. Re1 g5 12. Bg3 Nh5 13. Bh2 Nf4 14. Bxf4 gxf4 15.
Nd5 Re8 16. Nxf4 e6 17. Nh5 Ne7 18. e5 d5 19. Bd3 c5 20. c3 c4 21. Bc2 b5 22.
Nh2 Rf8 23. Qg4 Ng6 24. Bxg6 fxg6 25. Qxg6 Rf7 26. Ng4 Kf8 27. Nxg7 Rxg7 28.
Qxh6 Qe8 29. Nf6 Qd8 30. Nxd7+ Qxd7 31. axb5 Qf7 32. Qh8+ Rg8 33. Qf6 Qxf6 34.
exf6 Kf7 35. bxa6 Ra7 36. Re5 Rb8 37. Ra2 Rba8 38. g4 Kxf6 39. f4 Rxa6 40. Rxa6
Rxa6 41. f5 Rb6 42. Rxe6+ Rxe6 43. fxe6 Kxe6 44. h4 Kf6 45. g5+ Kg6 46. Kf2 Kh5
47. Kf3 Kg6 48. Kg4 Kg7 49. h5 Kh7 50. g6+ Kg7 51. Kg5 Kg8 52. h6 Kh8 53. g7+
Kg8 54. Kf6 1-0

[Event "5ème Open de St Chély d'Aubrac"]
[Site "St-Chély d'Aubrac"]
[Date "2005.07.12"]
[Round "5.22"]
[White "Trzesniower, Jacques"]
[Black "Gazel, Bruno"]
[Result "1/2-1/2"]
[WhiteElo "1430"]
[BlackElo "1550"]
[PlyCount "54"]
[EventDate "2005.07.??"]

1. Nf3 d5 2. g3 Nf6 3. Bg2 Nc6 4. d3 e6 5. Nbd2 Bd6 6. O-O O-O 7. e4 dxe4 8.
dxe4 e5 9. Qe2 Bg4 10. h3 Bd7 11. Nc4 Re8 12. Nxd6 cxd6 13. Rd1 Be6 14. c3 Qe7
15. Bg5 Rad8 16. c4 h6 17. Bxf6 Qxf6 18. b3 Ne7 19. Rd2 Nc8 20. Rad1 Qe7 21.
Ne1 Rf8 22. Nc2 f5 23. exf5 Bxf5 24. Ne3 Be6 25. Bd5 Nb6 26. Bxe6+ Qxe6 27. Kg2
Nc8 1/2-1/2

[Event "5ème Open de St Chély d'Aubrac"]
[Site "St-Chély d'Aubrac"]
[Date "2005.07.12"]
[Round "5.23"]
[White "Schmitt, Claude"]
[Black "Desboeufs, Claude"]
[Result "1-0"]
[WhiteElo "2040"]
[BlackElo "1599"]
[PlyCount "75"]
[EventDate "2005.07.??"]

1. c4 Nf6 2. Nc3 g6 3. g3 c5 4. Bg2 Nc6 5. e3 d6 6. d3 Bd7 7. Nge2 Bg7 8. a3
O-O 9. Rb1 Rb8 10. b4 b6 11. O-O Qc8 12. Nf4 Ne5 13. Nfd5 Re8 14. Nxf6+ Bxf6
15. Nd5 Bg7 16. Nf4 Bc6 17. f3 Ba8 18. Qe2 cxb4 19. axb4 a5 20. Bd2 axb4 21.
Rxb4 Nd7 22. Rfb1 Bc6 23. Nd5 Bxd5 24. cxd5 Ra8 25. Qd1 Ra2 26. Rc4 Qa6 27. f4
Nc5 28. Bf1 b5 29. Rcb4 Ra1 30. d4 Rxb1 31. Qxb1 Ne4 32. Qxe4 Qa2 33. Be1 f5
34. Qe6+ Kf8 35. Rxb5 Qa1 36. Bf2 Qd1 37. Rb6 h5 38. Qxg6 1-0

[Event "5ème Open de St Chély d'Aubrac"]
[Site "St-Chély d'Aubrac"]
[Date "2005.07.12"]
[Round "5.24"]
[White "Boulier, Rene"]
[Black "Karsenty, Madeleine"]
[Result "1-0"]
[WhiteElo "1996"]
[BlackElo "1380"]
[PlyCount "45"]
[EventDate "2005.07.??"]

1. e4 e5 2. Nf3 d6 3. Bc4 Be7 4. Nc3 Nf6 5. d3 Bg4 6. h3 Bh5 7. Be3 O-O 8. g4
Bg6 9. h4 h6 10. h5 Bh7 11. g5 hxg5 12. Bxg5 Nc6 13. Rg1 Nxh5 14. Bh6 Bg6 15.
Rxg6 Kh7 16. Bxg7 Nxg7 17. Rg3 Kg8 18. Qd2 Na5 19. Nd5 Nxc4 20. dxc4 f6 21. Qh6
Rf7 22. O-O-O f5 23. Rh1 1-0